Introduction to Mathematical Statistics / (Record no. 561520)
[ view plain ]
| 000 -LEADER | |
|---|---|
| fixed length control field | 00399nam a2200133Ia 4500 |
| 008 - FIXED-LENGTH DATA ELEMENTS--GENERAL INFORMATION | |
| fixed length control field | 210430s9999 xx 000 0 und d |
| 082 ## - DEWEY DECIMAL CLASSIFICATION NUMBER | |
| Classification number | 519.5 H7141 I |
| 100 ## - MAIN ENTRY--PERSONAL NAME | |
| Personal name | Robert V. Hogg, Allen T. Craig |
| 9 (RLIN) | 126980 |
| 245 ## - TITLE STATEMENT | |
| Title | Introduction to Mathematical Statistics / |
| Statement of responsibility, etc. | Robert V.Hogg |
| 250 ## - EDITION STATEMENT | |
| Edition statement | 4th edition |
| 260 ## - PUBLICATION, DISTRIBUTION, ETC. | |
| Place of publication, distribution, etc. | Islamabad |
| Name of publisher, distributor, etc. | National Book Foundation |
| Date of publication, distribution, etc. | 1962 |
| 300 ## - PHYSICAL DESCRIPTION | |
| Extent | 437p |
| 942 ## - ADDED ENTRY ELEMENTS (KOHA) | |
| Koha item type | Book |
| Source of classification or shelving scheme | |
| Withdrawn status | Lost status | Damaged status | Not for loan | Collection code | Permanent Location | Current Location | Shelving location | Date acquired | Total Checkouts | Full call number | Barcode | Date last seen | Price effective from | Koha item type |
|---|---|---|---|---|---|---|---|---|---|---|---|---|---|---|
| School of Chemical & Materials Engineering (SCME) | School of Chemical & Materials Engineering (SCME) | General Stacks | 10/11/6 | 519.5 H7141 I | SCME-354 | 04/30/2021 | 04/30/2021 | Book |
